| 000 | 00981nam a22002531a 4500 | ||
|---|---|---|---|
| 001 | 2170 | ||
| 003 | BD-RjUL | ||
| 005 | 20211208233510.0 | ||
| 008 | 160922s19591952p 00100 eng d | ||
| 020 | _c: PRs. 2.75 | ||
| 035 | _a(BD-RjUL)2197 | ||
| 040 |
_aBD-RjUL _beng _cBD-RjUL |
||
| 041 | _aeng | ||
| 082 |
_a343.549052 _bPAI 1952 _223 |
||
| 110 |
_aPakistan. Central Board of Revenue. _9138090 |
||
| 245 |
_aIncome tax manual : _bCorrected up to 30th August,1952 / _cPakistan. Central Board of Revenue. |
||
| 250 | _a1st ed. | ||
| 260 |
_aKarachi: _bManager of Publications,Govt. of Pakistan, _c[1952,1959] |
||
| 300 |
_a Pt. : _bIll. ; _c24 cm. |
||
| 500 | _a"At head of title: Govt. of Pakistan. Central Board of Revenue." | ||
| 505 | 0 | _aPart. 1-- Part 2, (of the Manual contains the statutory orders, exemptions and rules) -- Pt. 3, (Contains notes on the Income-tax Act, 1922) -- | |
| 650 |
_aIncome tax _vLaw and legislation _zPakistan. _9157234 |
||
| 942 |
_2ddc _cRAR |
||
| 999 |
_c2170 _d2170 |
||